01843njm a2200373Ia 450000100060000000300090000600500170001500800410003204000130007304000130008604100130009910000110011210000180012310000380014124500190017925000110019826000110020926000480022030000100026830000290027850001220030750501920042951100180062151100160063951100170065565000570067270001450072970001220087470000760099670000880107270001010116070001120126170000960137320787IT-RoPAU20220918181124.0131025s9999 xx 000 0 und d aIT-RoPAU cIT-RoPAU aITALIANO aAA.VV. eAutore musica gCodice autore musica SPICS: 12000 aMilano (disco) a2a ed. aMILANO bFRATELLI FABBRI EDITORIc1982 [1a Ed.:1970] aDISCO c26 minuti (Testo: pag.) aLa canzone italiana. Città e paesi. Milano, bella, mamma, torture, parentela, macchina, quartiere, malavita, banda. aMadonina (3:00) - Lassa pur che el mond el disa (4:00) - Nostalgia de Milan (4:00) - Ma mi (4:00) - La Balilla (4:00) - Porta Romana (5:00) - Faceva il palo (3:00) - La busa noeuva (3:00) aBramieri Gino aMonti Maria aValdi Walter aCANZONE ITALIAN [DISCHI]eCodice MATERIA SPICS: 9950 aD'Anzi GiovannidCodice autore testo/musica SPICS: 13458eAutore testo/musicapMadonina - Lassa pur che el mond el disa - Nostalgia de Milan aBracchi AlfredodCodice autore musica SPICS: 13448eAutore musicapLassa pur che el mond el disa - Nostalgia de Milan aStrehler GiorgiodCodice autore musica SPICS: 962eAutore musicapMa mi aCarpi FiorenzodCodice autore testo/musica SPICS: 13640eAutore testo/musicapMa mi aAnonimodCodice autore testo/musica SPICS: 2620eAutore testo/musicapLa Balilla - Porta Romana aValdi WalterdCodice autore testo/musica SPICS: 13642eAutore testo/musicapFaceva il palo - La busa noeuva aJannacci EnzodCodice autore testo/musica SPICS: 10956eAutore testo/musicapFaceva il palo